00234nam a2200109Ia 4500100001500000650001200015366000700027245003500034260001900069082001300088546002300101 aRao/C.V.M  aPhysics f25 aEngineering Physics Lab Manual bSci techc2009 a530bRAO aENGLISHcComputers